<?xml version="1.0" encoding="UTF-8"?>
<record
    xmlns:xsi="http://www.w3.org/2001/XMLSchema-instance"
    xsi:schemaLocation="http://www.loc.gov/MARC21/slim http://www.loc.gov/standards/marcxml/schema/MARC21slim.xsd"
    xmlns="http://www.loc.gov/MARC21/slim">

  <leader>01138    a2200193   4500</leader>
  <controlfield tag="001">30138</controlfield>
  <controlfield tag="005">20260407155612.0</controlfield>
  <controlfield tag="008">260407a1975    arg                 spa d</controlfield>
  <controlfield tag="003">AR-UNSa-BCEJYS</controlfield>
  <datafield tag="040" ind1=" " ind2=" ">
    <subfield code="a">AR-UNSa-BCEJYS</subfield>
    <subfield code="b">spa</subfield>
    <subfield code="c">AR-UNSa-BCEJYS</subfield>
  </datafield>
  <datafield tag="080" ind1=" " ind2=" ">
    <subfield code="a">657.474.55</subfield>
    <subfield code="x">Costes directos e indirectos. Costes marginales
</subfield>
  </datafield>
  <datafield tag="245" ind1="1" ind2="0">
    <subfield code="a">Costos indirectos de fabricaci&#xF3;n departamentalizaci&#xF3;n</subfield>
  </datafield>
  <datafield tag="264" ind1=" " ind2="1">
    <subfield code="a">Buenos Aires :</subfield>
    <subfield code="b">El Coloquio</subfield>
    <subfield code="c">1975</subfield>
  </datafield>
  <datafield tag="300" ind1=" " ind2=" ">
    <subfield code="a">301 p.</subfield>
    <subfield code="c">21 cm.</subfield>
  </datafield>
  <datafield tag="505" ind1=" " ind2=" ">
    <subfield code="a">1. Caracter&#xED;sticas de sus elementos - 2. Posici&#xF3;n de los costos reales y aplicados - 3. Asignaci&#xF3;n y prorrateo de costos - 4. Costos indirectos y su acumulaci&#xF3;n. Distribuci&#xF3;n,destino final y capacidad de planta - 5. Cuota predeterminada - 6. Naturaleza de los gastos y su comportamiento con la productividad. Contabilizaci&#xF3;n - 7. Gravitaci&#xF3;n de los gastos en la contribuci&#xF3;n marginal - 8. Centros de producci&#xF3;n y de servicio - 9. Bases de distribuci&#xF3;n. Posiciones que originan - 10. Control directivo de los costos indirectos de fabricaci&#xF3;n. </subfield>
  </datafield>
  <datafield tag="942" ind1=" " ind2=" ">
    <subfield code="c">BK</subfield>
  </datafield>
  <datafield tag="590" ind1=" " ind2=" ">
    <subfield code="a">niveau_biblio:m niveau_hierar:0</subfield>
  </datafield>
  <datafield tag="100" ind1="1" ind2=" ">
    <subfield code="a">Aimar Franco, Osvaldo</subfield>
  </datafield>
  <datafield tag="999" ind1=" " ind2=" ">
    <subfield code="c">2034</subfield>
    <subfield code="d">2034</subfield>
  </datafield>
  <datafield tag="952" ind1=" " ind2=" ">
    <subfield code="0">0</subfield>
    <subfield code="1">0</subfield>
    <subfield code="4">0</subfield>
    <subfield code="7">0</subfield>
    <subfield code="a">BCEJYS</subfield>
    <subfield code="b">BCEJYS</subfield>
    <subfield code="c">16</subfield>
    <subfield code="d">2026-04-07</subfield>
    <subfield code="l">0</subfield>
    <subfield code="o">657.474.55 A294</subfield>
    <subfield code="p">L12294</subfield>
    <subfield code="r">2026-04-07 15:56:12</subfield>
    <subfield code="w">2026-04-07</subfield>
    <subfield code="y">L</subfield>
  </datafield>
</record>
